|
|
|
|
| LEADER |
00000cam a2200000 a 4500 |
| 001 |
72090-2 |
| 003 |
Ucuenca |
| 005 |
20230308170656.0 |
| 008 |
000000|1944 sp |||||r|||||||||||spa|| |
| 040 |
|
|
|b spa
|
| 041 |
1 |
|
|a spa
|
| 082 |
0 |
|
|a 530
|
| 100 |
1 |
|
|a Perucca, Eligio
|9 38807
|
| 245 |
|
|
|a Física general y experimental: optica, electricidad y magnetismo
|c Eligio Perucca; traducido por José Mañas Bonví, José María Vidal Llenas y Juan Melis
|h imp
|n Tomo 2
|
| 250 |
|
|
|a 4a ed.
|
| 264 |
|
|
|a Barcelona
|b Labor
|c 1944
|
| 300 |
|
|
|a xx; 1934| páginas:
|b ilu
|c 23 cm
|
| 500 |
|
|
|a Con 979 figuras en el texto
|
| 504 |
|
|
|a incl. ref.
|
| 650 |
1 |
0 |
|a Física
|9 4976
|
| 650 |
1 |
|
|a Fisica general
|9 12816
|
| 650 |
1 |
|
|a Fisica experimental
|9 12769
|
| 650 |
1 |
|
|a Optica
|9 32908
|
| 650 |
1 |
|
|a Magnetismo
|9 14059
|
| 650 |
1 |
0 |
|a Electricidad
|9 12841
|
| 852 |
|
|
|a UC-CDJBV
|f Compra
|l 1
|m General
|p 00000000
|q 450,00
|r 2
|t 72090-2
|b 0
|d CDRC
|e CDRC
|g 530 SEGUNDO PISO
|z 0000-00-00
|
| 942 |
|
|
|c BK
|
| 999 |
|
|
|c 33323
|d 33323
|